| 000 | 00372nam a2200145Ia 4500 | ||
|---|---|---|---|
| 008 | 240624s9999 xx 000 0 und d | ||
| 041 | _aeng | ||
| 082 | _a658.3 RAO | ||
| 100 | _aRAO V S P | ||
| 245 | _aHUMAN RESOURCE MANAGEMENT TEXT AND CASES | ||
| 250 | _a(2nd ed.) | ||
| 260 |
_c2004 _aNew Delhi _bExcel Books |
||
| 300 | _axvi, : 709 : p. : cm. ; 28 | ||
| 365 |
_cRS _b30 |
||
| 999 |
_c8363 _d8363 |
||